Trh s nehnuteľnosťami bakalárska práca

Guardado en:
Detalles Bibliográficos
Autor principal: Gdovin, Jaroslav
Autor Corporativo: Národohospodárska fakulta EU. Katedra bankovníctva a medzinárodných financií
Otros Autores: Trúchly, Peter
Formato: Libro
Lenguaje:eslovaco
Publicado: Bratislava 2009
Etiquetas: Agregar Etiqueta
Sin Etiquetas, Sea el primero en etiquetar este registro!

MARC

LEADER 00000nam$a2200000$$$4500
001 0100146
005 20240319123413.8
041 0 |a slo 
044 |a SK 
245 1 0 |a Trh s nehnuteľnosťami  |b bakalárska práca  |c Jaroslav Gdovin ; škol. Peter Trúchly 
264 1 |a Bratislava  |c 2009 
300 |a 50 s. 
100 1 |a Gdovin, Jaroslav 
700 1 |a Trúchly, Peter 
710 2 |a Národohospodárska fakulta EU. Katedra bankovníctva a medzinárodných financií